The Marine Paintings of Chris Mayger /

Uloženo v:
Podrobná bibliografie
Hlavní autor: Larkin, David (ed. e introd.)
Médium: Kniha
Jazyk:angličtina
Vydáno: Nueva York, EUA : Bantam Books : Peacock, 1976, c1976
Témata:
Tagy: Přidat tag
Žádné tagy, Buďte první, kdo vytvoří štítek k tomuto záznamu!

MARC

LEADER 00000nam^a2200000^a^4500
001 000272757
005 20250521000000.0
009 20260310111110.236
025 |a Donación Jesús Vergara Aceves, 1 ejemplar 
037 |a Acervo Xavier Clavigero 
041 |a ING 
082 |a 759. 2  |b LAR 
100 |a Larkin, David  |e (ed. e introd.) 
245 1 4 |a The Marine Paintings of Chris Mayger /  |c Ed. e introd. de D. Larkin. 
264 4 |a Nueva York, EUA :  |b Bantam Books :  |b Peacock,  |c 1976, c1976 
300 |a 1 v. (sin paginación) 
336 |a texto  |b txt  |2 rdacontenido 
337 |a sin mediación  |b n  |2 rdamedio 
338 |a volumen  |b nc  |2 rdasoporte 
649 |a XX 
650 |a Pintores Ingleses 
650 |a Artistas Ingleses 
650 |a Barcos en la Pintura -  |x Tema Principal 
650 |a Barcos en el Arte 
650 |a Pintura Inglesa 
650 |a Arte Inglés 
650 |a Mayger, Chris 
910 |a Fondo Jesús Vergara Aceves S.J. 
920 |a Impresos - Libros 
930 |a Fondos Especiales 
905 |a 119 
901 |a 0500158297  |b IT2  |c ESP  |i D  |u 20250521 
902 |a https://opac.biblio.iteso.mx/vufind/Record/000272757